Kołobrzeg - quiz wielokrotnego wyboru - Statystyki

Ogólne statystyki
  • Ten quiz został rozwiązany 604 razy
  • Średni wynik to 5 z 10
Statystyki odpowiedzi
Zagadnienie Odpowiedź % Poprawnych
Jak nazywa się zarówno klub piłkarski z Kołobrzegu, jak i połączenie kolejowe Intercity do tegoż miasta? Kotwica
83%
Który film, przedstawiający heroiczną obronę Kołobrzegu podczas wojen napoleońskich, był ostatnim filmem fabularnym wyprodukowanym w III Rzeszy? Kolberg
74%
Która z poniższych rzek przepływa przez Kołobrzeg? Parsęta
68%
Który znany polski festiwal odbywał się w Kołobrzegu w latach 1967–1989? Festiwal Piosenki Żołnierskiej
65%
Które z poniższych zdjęć nie przedstawia miejsca znajdującego się w Kołobrzegu?
49%
Który z poniższych jest jednym z czterech pięciogwiazdkowych hoteli w województwie zachodniopomorskim i był centrum pobytowym reprezentacji Danii na Euro 2012? Marine Hotel
41%
Jak nazywa się miejscowość, w której znajduje się najbliższe lotnisko od Kołobrzegu? Bagicz
38%
Jaki procent zabudowań Kołobrzegu został zniszczony podczas II wojny światowej? 90%
30%
Jaki kraj w 1653 r. zdobył Kołobrzeg, zamieniając go w twierdzę? Brandenburgia
28%
Kto dowodził siłami polsko-sowieckimi podczas bitwy pod Kołobrzegiem 4 i 7–18 marca 1945 r? Stanisław Popławski
22%
Nie znaleziono quizów pasujących do podanych kryteriów
Rozkład punktacji
Procent ludzi z każdym wynikiem
Percentyl według liczby udzielonych odpowiedzi
Twoja historia wyników
Nie rozwiązałeś tego quizu